[Event "BIH-chT"]
[Site "Neum"]
[Date "2004.05.31"]
[Round "3.3"]
[White "Bistric, Faruk"]
[Black "Sokolov, Ivan"]
[Result "1-0"]
[WhiteElo "2488"]
[BlackElo "2690"]
[Annotator "Finkel,A"]
[PlyCount "89"]
[EventDate "2004.05.29"]
[EventType "team"]
[EventRounds "9"]
[EventCountry "BIH"]
[SourceTitle "CBM 102"]
[Source "ChessBase"]
[SourceDate "2004.09.23"]
[SourceVersion "1"]
[SourceVersionDate "2004.09.23"]
[SourceQuality "1"]
[WhiteTeam "Sarajevo Zeljeznicar"]
[BlackTeam "Sarajevo Bosna"]
[WhiteTeamCountry "BIH"]
[BlackTeamCountry "BIH"]

1. d4 Nf6 2. Nf3 g6 3. g3 Bg7 4. Bg2 d5 5. O-O c6 6. c3 O-O 7. Nbd2 Qb6 {
Exept of the move in the game black has many oher ways to get comfortable play.
} (7... Na6 8. Re1 (8. Nb3 Re8 9. Ne5 Bf5 10. h3 Nd7 11. Nxd7 Bxd7 12. f4 f6
13. Be3 e5 $11 {1/2-1/2 Kovacevic,V-Bareev,E/Ljublana Portoroz 1989/CBM 14 (42)
}) 8... c5 9. dxc5 Nxc5 10. Nb3 Nce4 11. Ng5 Nd6 $5 12. Bxd5 h6 13. Nf3 a5 (
13... e6 14. e4 exd5 15. e5) 14. e4 a4 15. Nbd4 Nxd5 16. exd5 Ra5 $36 {Anic,
D-Dorfman,J/Meribel FRA 1998}) (7... Qc7 8. Re1 c5 9. dxc5 Rd8 10. Qa4 Qxc5 $11
{Kovacevic,V-Nikolic,P/Ljublana Portoroz 1989}) (7... Nbd7 8. Re1 c5 9. e4 Nxe4
10. Nxe4 dxe4 11. Rxe4 cxd4 12. cxd4 b6 $11 {Kovacevic,V-Cvitan,O/JUG-chT 1989}
) 8. Re1 c5 9. Nb3 $5 {This move is probably better than} (9. dxc5 {which
braught white nothing, but problems:} Qxc5 10. Nb3 Qb6 11. Be3 Qd8 12. Ne5 Qc7
13. Bd4 Rd8 14. Qc1 Ne8 $13 {[%cal Gf7f6,Ye7e5] Van der Sterren,P-Nikolic,P/
Amsterdam 1999}) 9... cxd4 (9... c4 10. Nbd2 Bf5 11. Nh4 (11. b3 cxb3 12. axb3
Nc6 13. Ba3 Ne4 14. Nxe4 Bxe4 15. e3 Rfd8 $13) 11... Bd7 12. e4 Nxe4 13. Nxe4
dxe4 14. Bxe4 Nc6 15. Nf3 e6 16. Qe2 $14) 10. Qxd4 Nc6 ({Black faces no
problems after} 10... Qxd4 11. cxd4 Nc6 12. Bf4 Bf5 13. Ne5 Rfc8 14. Rac1 $11 {
but Sokolov is trying to complicate the matters hoping to outplay his opponent.
}) 11. Qxb6 axb6 12. Bf4 {[%csl Rb6]} Bf5 (12... e6 $5 13. Nfd2 (13. Nfd4 Bd7)
13... e5 14. Bg5 Be6 15. e4 dxe4 16. Nxe4 Nxe4 17. Bxe4 Ra4 $13) 13. Nfd4 Bd7
14. Red1 e6 15. h3 Ra4 $6 {Doubling the rooks over an a-file is quite useless,
so black should've preferred} (15... Na5 16. Nd2 Rfc8 17. a3 b5 18. g4 Nc4 $132
{with balanced position.}) 16. g4 Rfa8 17. a3 Be8 18. Bh2 {[%cal Gg4g5]} h5 (
18... h6) 19. g5 Nh7 $6 {[%csl Rh7] The knight has nothing to do on h7, so it
was better to retreat to d7 right away.} (19... Nd7 20. e4 dxe4 21. Bxe4 Nde5 (
21... Nxd4 22. cxd4 $1 (22. Nxd4 $6 e5 23. Bxb7 exd4 24. Bxa8 Rxa8 25. cxd4 f6
$13) 22... Nc5 $140 $2 23. Nxc5 bxc5 24. Bxb7 R8a7 25. dxc5 Rxb7 26. Rd8 $16)
22. Bg2 Nc4 23. Rab1 $14) 20. Nf3 $1 {[%cal Gb3d4,Gd4b5]} Nf8 21. e3 Nd7 22.
Bf1 Nc5 (22... Nde5 23. Nbd4 Nc4 24. Rab1 R4a5 25. Bc7 Rc8 $13) 23. Nbd4 Rc8
24. Nb5 Bd7 25. Rab1 $1 $16 {[%csl Gb2][%cal Gc3c4]} Bf8 (25... e5 26. Nd6 Rd8
27. Rxd5 Be6 28. Rxc5 $1 $18) 26. Nd6 Rca8 (26... Bxd6 $16) 27. c4 Nd8 28. Rbc1
Bc6 29. Nd4 Be7 30. h4 Kf8 (30... f6) 31. Bg2 Kg8 (31... dxc4 32. Nxc4 Bxg2 33.
Kxg2 R4a6 34. b4 $18) 32. b4 $18 Ne4 33. Nxe4 dxe4 34. Nxc6 Nxc6 (34... bxc6)
35. Rd7 Rd8 (35... Bf8 36. Bxe4 Rxa3 37. Rxb7 Nxb4 38. Rxb6 Ra1 39. Rxa1 Rxa1+
40. Kg2 Rc1 41. c5 $18) 36. Rxb7 f5 37. Rc7 Nxb4 38. Rxe7 Rxa3 39. Rxe6 Kf7 40.
Rxb6 Nd3 41. Rcb1 Ra2 42. Bg3 Nxf2 43. Bxf2 Rdd2 44. Rf6+ Ke7 45. Rf1 1-0

[Event "EU-ch 5th"]
[Site "Antalya"]
[Date "2004.05.21"]
[Round "6"]
[White "Minasian, Artashes"]
[Black "Ivanchuk, Vassily"]
[Result "1/2-1/2"]
[WhiteElo "2585"]
[BlackElo "2716"]
[Annotator "Finkel,A"]
[PlyCount "78"]
[EventDate "2004.05.15"]
[EventType "swiss"]
[EventRounds "13"]
[EventCountry "TUR"]
[SourceTitle "CBM 101"]
[Source "ChessBase"]
[SourceDate "2004.07.27"]
[SourceVersion "1"]
[SourceVersionDate "2004.07.27"]
[SourceQuality "1"]

1. Nf3 Nf6 2. d4 d5 3. c3 Bf5 4. Qb3 Qc8 5. Bg5 Nbd7 6. e3 e6 7. c4 c6 (7...
dxc4 8. Bxc4 Ne4 9. Bh4 a5 10. Nc3 c6 11. Nxe4 Bxe4 12. a3 a4 13. Qd1 $14 {
Piankov,E-Brih,S/France 2003}) 8. Nbd2 {The knight is more active on c3, but
white prefers to keep an option to develop the bishop to d3.} (8. Nc3 Bd6 (8...
Ne4 9. Bf4 (9. Nxe4 Bxe4 10. Nd2 dxc4 11. Bxc4 Bd5 12. Rc1 Nb6 13. Bxd5 exd5
$11 {Zimny,J-Janiszyn,E/Warsaw 1999}) 9... Bd6 10. Nxe4 Bxf4 11. Ng3 Bxg3 12.
hxg3 O-O 13. Bd3 dxc4 14. Qxc4 Qc7 15. g4 $36 {Pitschka,K-Effert,K/Germany
1989/GER-chT2}) 9. Be2 (9. Rc1 O-O (9... h6 10. Bh4 O-O 11. Be2 Qb8 12. Bg3
Bxg3 13. hxg3 Bg4 14. O-O Re8 15. Rfe1 Nb6 16. Bd3 Bxf3 {1/2-1/2 Ballmann,
M-Pelletier,Y/Switzerland 2002/CBM 91 ext (16)}) 10. Be2 Ne4 11. Bh4 Rb8 12.
O-O Qe8 13. c5 Bc7 14. Nxe4 Bxe4 15. Nd2 Bg6 16. Qa3 a6 $11 {Llanos,G-Ricardi,
P/Pena City 1996}) 9... h6 10. Bh4 Rb8 11. cxd5 exd5 12. Bg3 Bxg3 13. hxg3 O-O
14. Nh4 Bh7 15. O-O Re8 16. Rac1 Qd8 $11 {Meggers,E-Seibt,F/Porz 1989}) 8...
Bd6 9. Bd3 Ne4 $6 {Ivanchuk is not satisfied with a draw so he tries to
complicate the matters.} (9... Bxd3 10. Qxd3 O-O 11. O-O Re8 12. e4 dxe4 13.
Nxe4 Nxe4 14. Qxe4 e5 $11) 10. Bxe4 dxe4 11. Nh4 c5 12. Nxf5 (12. d5 O-O 13.
Bf4 Bxf4 14. exf4 Nf6 15. Nxf5 exf5 16. Nf1 Qc7 17. g3 Ne8 18. Ne3 Nd6 $11)
12... exf5 13. f3 exf3 14. Nxf3 O-O 15. O-O Re8 16. Rad1 (16. Qd3 g6 17. a3 $5
{[%cal Ga1b1,Gb2b4]} Bf8 18. Rab1 a5 19. Bf4 a4 20. b4 axb3 21. Rxb3 Ra4 $132)
16... Bf8 17. Qd3 g6 18. b3 b6 19. Rde1 Qb7 20. d5 Ne5 {Aimed to prevent e4.} (
20... Bg7 21. e4 $14) 21. Nxe5 Rxe5 22. Bf4 $5 {The last chance to try to gain
a full point was} (22. g4 $1 Re4 (22... fxg4 23. Bf6 Rh5 (23... Ree8 24. e4 Bg7
25. Bxg7 Kxg7 26. e5 $36) 24. e4 Rh3 25. Re3) 23. h3 Qc7 24. Kg2 Rae8 25. gxf5
Qe5 26. Qd1 $14) 22... Re4 23. g4 Qd7 24. gxf5 Qxf5 25. Bg3 Qg4 26. Rf4 Rxf4
27. exf4 Bd6 28. Qe4 (28. f5 gxf5 29. Kh1 f4 30. Bf2 Kh8 31. Rg1 Qh5 $13) 28...
Rd8 29. Kg2 Kf8 30. h3 Qd7 31. Bh4 (31. f5 Bxg3 32. Kxg3 Re8 33. Qxe8+ Qxe8 34.
Rxe8+ Kxe8 35. f6 Kd7 36. Kf4 Kd6 37. Kg5 Ke5 $11) 31... Re8 32. Qxe8+ Qxe8 33.
Rxe8+ Kxe8 34. f5 gxf5 35. Kf3 Be5 36. a4 a5 37. Bg5 f6 38. Bf4 Kf7 39. Bh6 Bg3
1/2-1/2

[Event "BIH-chT"]
[Site "Neum"]
[Date "2002.06.03"]
[Round "3.2"]
[White "Sokolov, Ivan"]
[Black "Varga, Zoltan"]
[Result "1-0"]
[WhiteElo "2647"]
[BlackElo "2495"]
[Annotator "Finkel,A"]
[PlyCount "65"]
[EventDate "2002.06.02"]
[EventType "team"]
[EventRounds "9"]
[EventCountry "BIH"]
[SourceTitle "CBM 090"]
[Source "ChessBase"]
[SourceDate "2002.09.20"]
[SourceVersion "1"]
[SourceVersionDate "2002.09.20"]
[SourceQuality "1"]
[WhiteTeam "Sarajevo Bosna"]
[BlackTeam "Sarajevo Napredak"]
[WhiteTeamCountry "BIH"]
[BlackTeamCountry "BIH"]

1. d4 d5 2. Nf3 a6 3. Bg5 f6 $6 {With this move black is creating problems to
himsef instead of solving ones!} (3... h6 4. Bh4 Nf6 (4... g5 5. Bg3 Bg7 6. e3
c5 7. c3 Nc6 8. Bd3 cxd4 9. exd4 Bg4 10. Nbd2 e6 11. h4 Nge7 12. hxg5 hxg5 13.
Rxh8+ Bxh8 14. Qb3 Bxf3 15. Nxf3 Na5 $11 {Rabinovich,A-Varga,Z/Budapest 1998})
(4... Bf5 5. e3 Nd7 6. c4 c6 7. cxd5 cxd5 8. Nc3 Ngf6 9. Qb3 Qb6 10. Bxf6 Qxb3
11. axb3 Nxf6 12. Bb5+ Bd7 13. Bxd7+ Kxd7 $11 {Gorelov,S-Gofshtein,L/
Aktjubinsk 1985}) 5. Bxf6 exf6 6. e3 Bd6 7. Nbd2 f5 8. c4 dxc4 9. Bxc4 O-O 10.
O-O Nd7 11. Qc2 g6 12. Bb3 Nb6 13. Rfd1 Qe7 14. Rac1 c6 15. Ne1 Bd7 16. Nd3
Rae8 17. Nf3 Bc8 18. Nfe5 Kg7 19. Re1 h5 $13 {Miles,A-Nikolic,P/Horgen 1994}) (
3... Nd7 4. e3 h6 5. Bf4 e6 6. c3 Ngf6 7. h3 b6 8. Bd3 Bb7 9. O-O Be7 10. Nbd2
O-O 11. Ne5 Ne4 12. Ndf3 Ndf6 13. Qe2 $14 {Levitt,J-Shvidler,E/Holon 1986}) (
3... Bg4 4. e3 Nf6 5. c4 dxc4 $146 (5... Bxf3 {Fritz 5.00 (100s)} 6. Qxf3 Ne4
7. Bh4 c6 8. Bd3 Qa5+ 9. Kf1 Nf6 10. Bxf6 gxf6 11. Nc3 Qb4 12. Qe2 e6 13. g3
Nd7 14. Kg2 f5 15. Rac1 $14 {Jailjan,M-Vorotnikov,V/URS-ch sf Aktjubinsk 1985})
6. Bxc4 e6 7. Nc3 Be7 8. h3 Bh5 9. Bxf6 Bxf6 10. g4 Bg6 11. h4 h6 12. Bd3 Bxd3
13. Qxd3 Nd7 14. O-O-O $36 {Kramnik,V-Short,N/Novgorod 1997}) 4. Bf4 (4. Bh4
Bf5 5. e3 e6 6. Nbd2 Nc6 7. c3 Bd6 8. Be2 Nge7 9. c4 dxc4 10. Nxc4 Bb4+ 11.
Ncd2 Ng6 12. O-O O-O 13. Bg3 $14 {Voorn,M-Comp Goldbar/The Hague 1996}) 4... c5
5. e3 c4 $6 {Preventing c4, but permitting white to play e4, which proves to
be not less dangerous for black.} (5... Nc6 6. c4 cxd4 7. exd4 e6 8. Nc3 $14) (
5... Qb6 $5 6. Nc3 e6 7. Rb1 Nc6) 6. Nc3 Nc6 7. e4 $1 e6 8. Qe2 Kf7 (8... Nge7
9. h4 Ng6 10. Bd2 Be7 11. h5 Nf8 12. g3 $14) 9. a3 b5 10. g3 g5 11. Be3 h6 {
I guess black should've taken the pawn after} (11... dxe4 $5 12. Nxe4 g4 13.
Nfd2 Nxd4 14. Bxd4 Qxd4 15. O-O-O $44 {and he is not suffering for free!}) 12.
Bg2 Nge7 13. h4 dxe4 (13... g4 14. Nh2 f5 15. exf5 exf5 16. f3 $16 {[%csl Rf7]}
) 14. hxg5 $1 $16 {Very nice little combination.} exf3 15. Qxf3 f5 (15... Bg7
16. gxh6 Bf8 17. Qh5+ Kg8 18. h7+ Kg7 19. Bh6+ $18) 16. Qh5+ Ng6 {Black is
forced to return a piece} (16... Kg8 17. Bxc6 Nxc6 18. Qg6+ Bg7 19. gxh6 Rh7
20. O-O-O Ne7 21. Qg5 Bb7 22. Rh4 $16) 17. Bxc6 hxg5 18. Qxg5 Be7 19. Rxh8 Qxh8
20. Qh6 Qxh6 21. Bxh6 Rb8 22. O-O-O $18 {Now white is just a pawn up in better
position.} Bb7 23. Bxb7 Rxb7 24. d5 e5 (24... exd5 25. Nxd5 Bc5 26. Be3 Bxe3+
27. Nxe3 Ke6 $16) 25. Be3 a5 $6 26. a4 $1 bxa4 (26... b4 27. Nb5 Rd7 $16) 27.
Nxa4 f4 28. gxf4 exf4 29. Bd4 Ke8 30. Rh1 Nh4 31. Nb6 Bg5 32. d6 Rb8 33. d7+
1-0

[Event "EU-chT (Men) 14th"]
[Site "Plovdiv"]
[Date "2003.10.20"]
[Round "9.3"]
[White "Ruck, Robert"]
[Black "Cheparinov, Ivan"]
[Result "1/2-1/2"]
[WhiteElo "2551"]
[BlackElo "2531"]
[Annotator "Finkel,A"]
[PlyCount "104"]
[EventDate "2003.10.10"]
[EventType "team-swiss"]
[EventRounds "9"]
[EventCountry "BUL"]
[SourceTitle "CBM 098"]
[Source "ChessBase"]
[SourceDate "2004.02.03"]
[SourceVersion "1"]
[SourceVersionDate "2004.02.03"]
[SourceQuality "1"]
[WhiteTeam "Hungary"]
[BlackTeam "Bulgaria"]
[WhiteTeamCountry "HUN"]
[BlackTeamCountry "BUL"]

1. d4 Nf6 2. Nf3 e6 3. g3 c5 4. Bg2 cxd4 5. O-O d5 6. Nxd4 e5 7. Nb3 Be6 8. Nc3
Be7 9. f4 exf4 (9... e4 10. f5 Bc8 11. Bg5 Nbd7 12. e3 O-O 13. Qe2 (13. a4 h6
14. Bf4 Nb6 15. Nd4 Bd7 {1/2-1/2 Kengis,E-Miles,A/Sydney 1991}) 13... Qb6 $6
14. Rad1 Rd8 15. Rxd5 $1 $16 {Kuljasevic,D-Zelcic,R/Pula 2002}) 10. gxf4 g6 (
10... Nc6 11. f5 Bd7 12. Nxd5 Nxd5 13. Qxd5 Qb6+ 14. Kh1 Rd8 15. Qe4 O-O 16.
Be3 Qc7 $44 {0-1 Horvath,C-Zelcic,R/Pula 2000 (97)}) 11. Nd4 (11. Kh1 $5 {
Is favorite move of Romanishin, who is an expert in this line}) 11... Bc5 (
11... Bg4 12. Qd3 (12. h3 $1 Bh5 $140 13. Nb3 {[%csl Rd5]}) 12... Nc6 13. h3 {
1/2-1/2 Krasenkow,M-Horvath,J/Budapest 1989}) (11... Nc6 12. Kh1 Qd7 13. Nxe6
fxe6 14. e4 O-O-O 15. exd5 exd5 16. f5 $36 {Horvath,J-Zelcic,R/Pozega 2000})
12. e3 (12. Na4 Bxd4+ 13. Qxd4 Nc6 14. Qc3 d4 15. Qa3 Bd5 $36 {Koniushkov,
I-Ulibin,M/Krasnodar 1997}) 12... Nc6 13. Nxe6 fxe6 14. Na4 Be7 15. Qe2 (15. c4
dxc4 16. Qe2 Qd3 $17) 15... O-O 16. c4 Qa5 17. b3 Qa6 {[%cal Ga6e2]} 18. Bb2
dxc4 19. Qxc4 Qxc4 20. bxc4 Rac8 21. Rfd1 ({Very serious attention deserved} 
21. Bxf6 {but it seems that black is doing fine anyway} Rxf6 (21... Bxf6 $6 {
[%csl Rc5]} 22. Rab1 b6 23. c5 bxc5 24. Nxc5 Rfe8 25. Ne4 Be7 26. Rb7 $16) 22.
c5 Rc7 23. Rab1 Rf5 24. Kh1 Kf7 25. Rfd1 e5 $13) 21... Nb4 22. Bxb7 {Once
again white opts for harmless continuation.} (22. c5 $5 Nc2 23. Bxb7 Rc7 24. c6
Ng4 (24... Nxa1 25. Bxa1 Ng4 26. Bd4 Rd8 27. Nb2 $16) 25. Rd3 Nxa1 26. Bxa1 Rb8
27. Rb3 Rd8 28. Bd4 Bf6 29. Bxf6 Nxf6 30. Nc5 Rd6 $11) 22... Rxc4 23. Rac1 Nc2
24. Bd4 Ba3 25. Nb2 Bxb2 (25... Rxd4 26. Rxc2 (26. exd4 $2 Nxd4 $1 {[%csl Rb2]}
27. Rb1 Ne2+ 28. Kg2 Nc3 $17) 26... Rxd1+ 27. Nxd1 Rd8 $11) 26. Bxb2 Nxe3 27.
Re1 Rb8 (27... Rxc1 28. Bxc1 Rb8 29. Rxe3 Rxb7 30. Rxe6 Rb1 31. Rc6 Nd5 32. Kf2
$11) 28. Rxe3 Rxc1+ 29. Bxc1 Rxb7 30. Rxe6 Nd5 31. Kg2 Rc7 $6 (31... Rb2+ $5
32. Bxb2 Nxf4+ 33. Kf3 Nxe6 34. Ke4 Kf7 35. Kd5 g5 36. a4 h5 37. a5 $11) 32.
Rd6 Rxc1 33. Rxd5 Rc2+ 34. Kg3 Rxa2 35. Rd7 $11 {[%csl Rg8]} a5 36. Ra7 a4 37.
h4 Ra1 38. h5 gxh5 39. Kh2 a3 40. f5 a2 41. Kg2 h4 42. Kh2 h3 43. f6 h6 44.
Rg7+ Kf8 45. Ra7 h5 46. Ra5 Kf7 47. Ra6 Kg6 48. Ra7 Kxf6 49. Ra8 Ke6 50. Ra7 h4
51. Ra8 Kd7 52. Ra7+ Kc6 1/2-1/2

[Event "POL-ch"]
[Site "Warsaw"]
[Date "2004.04.28"]
[Round "5"]
[White "Markowski, Tomasz"]
[Black "Lagowski, Patryk"]
[Result "1-0"]
[WhiteElo "2605"]
[BlackElo "2425"]
[Annotator "Finkel,A"]
[PlyCount "81"]
[EventDate "2004.04.24"]
[EventType "tourn"]
[EventRounds "13"]
[EventCountry "POL"]
[EventCategory "12"]
[SourceTitle "CBM 101"]
[Source "ChessBase"]
[SourceDate "2004.07.27"]
[SourceVersion "1"]
[SourceVersionDate "2004.07.27"]
[SourceQuality "1"]

1. g3 d5 2. Nf3 g6 3. Bg2 Bg7 4. d4 Nf6 5. O-O O-O 6. Nbd2 {Hramless
continuation typical for Markovsky's pure positional style.} Ne4 7. c3 Nxd2 (
7... c5 8. Nxe4 (8. e3 Nc6 9. Nxe4 dxe4 10. Ng5 cxd4 11. cxd4 e5 12. d5 Nb4 13.
Nxe4 Nxd5 $11 {Tenk,P-Straka,Z/Plzen 1998}) 8... dxe4 9. Ne5 cxd4 10. cxd4 Bf5
11. Qb3 Nc6 12. Nxc6 bxc6 13. Rd1 Qd5 14. Bf4 Rfd8 $13 {Varnusz,E-Nogrady,V/
Hungary 1992}) (7... f5 8. Nxe4 $5 (8. Ne5 Nd7 9. Ndf3 c5 10. Bf4 e6 11. Nxd7
Qxd7 12. Ne5 Qb5 13. f3 Nf6 14. Nd3 $14 {Stehlik,J-Skaloud,D/Czechia 1995})
8... fxe4 9. Ng5 c6 (9... e5 $6 10. dxe5 Bxe5 11. Qb3 Kh8 12. c4 c6 13. cxd5
cxd5 14. Rd1 Qf6 15. Qxd5 $18) 10. f3 exf3 (10... h6 11. Nh3 exf3 12. exf3 Qb6
13. Kh1 Kh7 14. Re1 $14) 11. Rxf3 Rf6 12. Qb3 $14 {[%cal Ge2e4] Nikolic,
P-Vokarev,S/Istanbul 2003}) (7... Nd6 8. Ne5 c6 9. e4 dxe4 10. Nxe4 Nxe4 11.
Bxe4 Be6 12. Re1 $14 {Lazovic,G-Draganic,S/Zagreb 1999}) 8. Bxd2 c6 (8... Nd7
9. e4 dxe4 10. Ng5 e5 11. dxe5 Nxe5 12. Nxe4 Bg4 13. f3 Be6 $15 {Arias,
D-Clavijo,J/Bogota 1992}) 9. Qb3 a5 (9... Qb6 10. Qa3 Re8 11. Rfe1 Bf5 12. Nh4
Be6 13. e4 dxe4 14. Bxe4 Nd7 $11) 10. a4 Nd7 11. Bf4 Qb6 12. Qa2 Nf6 13. Be5
Bg4 (13... Bf5) 14. Rfe1 Rae8 15. Rad1 Bh6 $6 {The position is about equal,
but it's very easy to spoil it by trading the wrong pieces at the wrong moment!
} (15... Bxf3 16. Bxf3 Nd7 17. Bxg7 Kxg7 18. e4 dxe4 19. Rxe4 e5 20. dxe5 Nxe5
21. Bg2 Re7 $11) 16. Bxf6 exf6 17. e3 Re7 18. Rc1 {[%cal Gc3c4]} Bxf3 $6 {
Another unfortunate trade leading to the serious difficulties.} (18... Rfe8 19.
Nd2 Be6 20. c4 dxc4 21. Nxc4 Qb4 22. b3 Bg7 $11) 19. Bxf3 $14 f5 20. b3 Rfe8 (
20... Qc7 21. c4 dxc4 22. bxc4 Rfe8 23. Red1 Bg7 24. c5 $14 {[%csl Rb7]}) 21.
Red1 g5 $5 22. Qc2 f4 23. exf4 gxf4 24. Rb1 Qd8 (24... Qc7 25. c4 dxc4 26. bxc4
Bg7 27. Kg2 $14) 25. c4 dxc4 26. bxc4 Qd6 27. Kg2 Bg7 28. c5 Qh6 29. d5 $16 {
[%csl Rb7] Black's attempts to create counterplay on the kingside are doomed
to fail, meanwhile his pawn on b7 wis about to fall.} cxd5 30. Rxd5 fxg3 $6 31.
hxg3 {[%csl Rh7][%cal Gb1h1]} Re1 32. Rh5 Qg6 33. Rxe1 Rxe1 34. Qd2 $1 Re8 35.
Qxa5 h6 36. Rd5 Kh7 37. Qb4 Qc2 38. Qxb7 Kg8 39. c6 Bc3 40. Qd7 Re1 41. c7 1-0

[Event "Berkeley East Bay CC"]
[Site "Berkeley"]
[Date "2005.04.02"]
[Round "6"]
[White "Yermolinsky, Alex"]
[Black "Pruess, David"]
[Result "0-1"]
[WhiteElo "2570"]
[BlackElo "2394"]
[Annotator "Finkel,A"]
[PlyCount "102"]
[EventDate "2005.03.29"]
[EventType "tourn"]
[EventRounds "10"]
[EventCountry "USA"]
[EventCategory "9"]
[SourceTitle "CBM 107"]
[Source "ChessBase"]
[SourceDate "2005.08.01"]
[SourceVersion "1"]
[SourceVersionDate "2005.08.01"]
[SourceQuality "1"]

1. Nf3 d5 2. g3 Nf6 3. Bg2 c6 4. O-O Nbd7 5. d4 e6 6. b3 Bd6 7. Bb2 Ne4 8. Nfd2
$5 (8. Ne5 f5 9. Nxd7 Bxd7 10. f3 Nf6 11. e4 dxe4 12. fxe4 fxe4 13. Nd2 O-O 14.
Qe2 $14 {Goldsztejn,G-Lukov,V/Paris 2003}) 8... f5 {A quite risky move after
which Black finds himself in inferior position almost by force!} (8... Ndf6 9.
c4 O-O 10. Qc2 Nxd2 11. Nxd2 $14) 9. Nxe4 fxe4 10. f3 $1 exf3 11. exf3 O-O {
[%cal Ge6e5]} 12. f4 {[%cal Gb1d2,Gd2f3,Gf3e5]} g5 $5 {Black doesn't have a
big choice but to push g5, otherwise White will bring the knight to f3 with
enormous pressure.} 13. Qg4 (13. fxg5 $6 Rxf1+ 14. Bxf1 Qxg5 15. Nd2 e5 $15)
13... Rf5 {[%csl Gg5]} 14. fxg5 (14. Nd2 Nf6 15. Qe2 gxf4 $17) 14... Qxg5 15.
Qxg5+ Rxg5 16. Nd2 Nf8 17. Nf3 $16 {This is the last one out of a more or less
forced sequence of moves. It's obvious that White has good control of the game.
} Rg7 18. Ne5 $6 {This move makes sense only if White intends to trade the
knight for the black bishop.} (18. c4 Bd7 19. c5 Bc7 20. Rae1 Be8 21. Bc1 Bh5
22. Ne5 $16) 18... Bd7 19. Rf6 $6 (19. Nxd7 Nxd7 20. Rae1 Re8 21. c4 $16) 19...
Be8 20. Raf1 Bh5 21. c4 Re8 22. Bh3 Bxe5 23. dxe5 Bg4 24. Bxg4 Rxg4 25. cxd5
cxd5 (25... exd5 26. Rf7 Rg7 27. e6 Rg6 28. e7 Ne6 29. Ba3 $18) 26. Ba3 Nd7 27.
Rf7 Rg7 28. Rxg7+ Kxg7 $11 {White is no better in the endgame, but he tries
too hard to win it. As it usualy happens in that case, he finds himself in
troubles!} 29. Rc1 Kg6 30. Bd6 (30. Bb2 Kf5 31. Rf1+ Kg6 32. Rc1 Kf5 $11) 30...
Kf5 31. Rc7 Nxe5 32. Rxh7 Nd3 33. Rf7+ Ke4 34. Re7 $2 (34. Rxb7) 34... Rxe7 35.
Bxe7 Kf3 $19 36. h4 e5 37. h5 e4 38. h6 e3 39. Bf6 e2 40. Bc3 d4 41. Bd2 Ne5
42. h7 Ng6 43. g4 b5 44. g5 (44. a4 bxa4 45. bxa4 d3 46. a5 a6 47. g5 Nh8 $22)
44... a6 45. Kh2 d3 46. Kh3 b4 47. Bxb4 Ke3 48. Bc5+ Kd2 49. Kg4 Kc2 50. Kf5
e1=Q 51. Kxg6 Qe6+ 0-1

[Event "EU-ch 4th"]
[Site "Istanbul"]
[Date "2003.05.30"]
[Round "1"]
[White "Lputian, Smbat G"]
[Black "Brynell, Stellan"]
[Result "1/2-1/2"]
[WhiteElo "2638"]
[BlackElo "2538"]
[Annotator "Finkel,A"]
[PlyCount "74"]
[EventDate "2003.05.30"]
[EventType "swiss"]
[EventRounds "13"]
[EventCountry "TUR"]
[SourceTitle "CBM 096"]
[Source "ChessBase"]
[SourceDate "2003.09.25"]
[SourceVersion "1"]
[SourceVersionDate "2003.09.25"]
[SourceQuality "1"]

1. d4 d5 2. Nf3 Nc6 3. e3 Bg4 4. Bb5 {Not the most dangerous variation for
black, however not without a poison.} a6 5. Bxc6+ bxc6 6. c4 Bxf3 (6... Qd6 7.
Nc3 Nf6 8. Qa4 Bxf3 9. gxf3 Nd7 10. cxd5 cxd5 11. e4 e6 12. Be3 Qb4 $13 {
Filatov,L-Reprintsev,A/Richmond 1997}) (6... f6 7. O-O Qd7 8. Nbd2 e5 $2 9.
dxe5 fxe5 10. Nxe5 Bxd1 11. Nxd7 Be2 12. Re1 $16 {Zuelle,R-Schmid,M/Scuol 2001}
) 7. Qxf3 e6 8. O-O Nf6 9. b3 Be7 10. Ba3 {White's plan is very simple: first
of all to trade the bishops, then to bring the knight to d3 in order to
prevent black from playing c5 and finally to put a pressure on black pawns
over the c-file. An only drawback of this plan is that it's just too slow!} (
10. Nd2 O-O 11. Bb2 c5 12. dxc5 Bxc5 13. Bxf6 Qxf6 14. Qxf6 gxf6 15. cxd5 exd5
16. Rac1 Bb6 17. Rc6 $14) 10... Bxa3 11. Nxa3 Qe7 12. Nc2 O-O 13. Rfc1 a5 $5 (
13... dxc4 14. Qxc6 cxb3 15. axb3 Qd6 16. Ne1 $14) 14. Ne1 $1 a4 {Creating a
target in white's camp to play against.} 15. Nd3 {[%csl Rc6,Rc7][%cal Gd3e5,
Gd3c5]} axb3 16. axb3 Ra3 17. Qd1 Rfa8 18. Rxa3 Rxa3 19. Ra1 Qf8 20. Ne5 Qa8
21. Rxa3 Qxa3 22. Nxc6 Ne4 23. cxd5 (23. h3 Qb2 24. Qe1 Qxb3 25. cxd5 exd5 26.
Qa5 h6 27. Ne7+ Kh7 28. Qxd5 $16) (23. f3 dxc4 $1 (23... Nc3 24. Qc2 Qa1+ 25.
Kf2 Nd1+ 26. Ke2 Nc3+ 27. Kd3 $16) 24. fxe4 cxb3 25. Ne5 b2 26. Nd3 Qa1 27.
Nxb2 $11) 23... Nc3 24. Qf1 Nxd5 25. h3 Qxb3 26. Qa6 g6 27. Ne5 Kg7 28. Qa8
Qb1+ (28... Nxe3 29. fxe3 Qxe3+ 30. Kh1 Qxd4 31. Qa5 Qd1+ 32. Kh2 Qd6 $11) 29.
Kh2 Qf5 30. Nd7 h5 31. Qf8+ Kh7 32. Ne5 Qxf2 33. Nf3 $6 (33. Nxf7 Qf6 34. Qh6+
Kg8 35. Ne5 g5 (35... Ne7 36. e4 $14) 36. Qxh5 Nxe3 37. Nf3 Nf5 38. Qg4 $16)
33... Qxe3 34. Qxf7+ Kh6 35. Qf8+ Kh7 36. Qf7+ Kh6 37. Qf8+ Kh7 1/2-1/2